Luyện kỹ năng đọc tiếng Anh, tập 2 Cause & effect intermediate reading practice (Kèm theo CD/879-80)
Αποθηκεύτηκε σε:
| Μορφή: | Βιβλίο |
|---|---|
| Έκδοση: |
2004
|
| Ετικέτες: |
Προσθήκη ετικέτας
Δεν υπάρχουν, Καταχωρήστε ετικέτα πρώτοι!
|
| Thư viện lưu trữ: | Mạng thư viện Đại học Đà Nẵng |
|---|
| LEADER | 00527nam a22001811a 4500 | ||
|---|---|---|---|
| 001 | 000038516 | ||
| 003 | 14811 | ||
| 005 | 20160412021322.0 | ||
| 008 | 160412s2004 000 | ||
| 082 | |a 4A(07)2659-60 | ||
| 245 | |a Luyện kỹ năng đọc tiếng Anh, tập 2 Cause & effect intermediate reading practice (Kèm theo CD/879-80) |c Patricia Ackert | ||
| 260 | |c 2004 | ||
| OWN | |a LNN | ||
| 999 | |a From the UDN01 | ||
| TYP | |a Monograph | ||
| 980 | |a Mạng thư viện Đại học Đà Nẵng | ||